Normal view
MARC view
- MICROELECTRONIC PACKAGING. MICROELECTROMECHANICAL SYSTEMS.OPTOELECTRONIC DEVICES.MEMS.MOEMS
Entry Topical Term
001 - CONTROL NUMBER
- control field: 65319
003 - CONTROL NUMBER IDENTIFIER
- control field: NUST
005 - DATE AND TIME OF LATEST TRANSACTION
- control field: 20210628203422.0
008 - FIXED-LENGTH DATA ELEMENTS
- fixed length control field: 210628|| aca||aabn | a|a d
040 ## - CATALOGING SOURCE
- Original cataloging agency: NUST
- Transcribing agency: NUST
150 ## - HEADING--TOPICAL TERM
- Topical term or geographic name entry element: MICROELECTRONIC PACKAGING. MICROELECTROMECHANICAL SYSTEMS.OPTOELECTRONIC DEVICES.MEMS.MOEMS
670 ## - SOURCE DATA FOUND
- Source citation: Work cat.: (NUST): Gilleo, Ken 62951, Mems moems packaging, 2005
